000
00306 a2200133 4500
005
20250702085634.0
020
_a
0-8164-0413-5
082
_a
658 SIM
100
_a
SIMS, E . R
245
_a
A Season With The Savior,
260
_a
New York,
_b
The Seabury Press,
_c
1978.
300
_c
22cm.
942
_2
ddc
_c
BKS
999
_c
6577
_d
6577